Nairobi A to Z wall map (Record no. 15108)

MARC details
000 -LEADER
fixed length control field 00645cem a22002171 4500
001 - CONTROL NUMBER
control field 0000012693
005 - DATE AND TIME OF LATEST TRANSACTION
control field 20151217161143.0
007 - PHYSICAL DESCRIPTION FIXED FIELD--GENERAL INFORMATION
fixed length control field aj cauun
008 - FIXED-LENGTH DATA ELEMENTS--GENERAL INFORMATION
fixed length control field 090311s xx a 0 eng d
034 0# - CODED CARTOGRAPHIC MATHEMATICAL DATA
Category of scale a
040 ## - CATALOGING SOURCE
Original cataloging agency KABU
Transcribing agency KABU
100 1# - MAIN ENTRY--PERSONAL NAME
Personal name Moss, R. W.
-- 0000169587
245 10 - TITLE STATEMENT
Title Nairobi A to Z wall map
Medium [map] /
Statement of responsibility, etc. compilled by R. W. Moss.
255 ## - CARTOGRAPHIC MATHEMATICAL DATA
Statement of scale Scale 1 : 1,000,000.
260 ## - PUBLICATION, DISTRIBUTION, ETC. (IMPRINT)
Place of publication, distribution, etc. Nairobi :
Name of publisher, distributor, etc. Kenway Publications,
Date of publication, distribution, etc. 2002.
300 ## - PHYSICAL DESCRIPTION
Extent 1 map :
Other physical details col ;
Dimensions 116x80 cm.
651 #0 - SUBJECT ADDED ENTRY--GEOGRAPHIC NAME
Geographic name Nairobi (Kenya)
General subdivision Maps.
-- 0000169588
852 1# - LOCATION
-- p1585 KES
908 ## - PUT COMMAND PARAMETER (RLIN)
Put command parameter 090311
950 ## - LOCAL HOLDINGS (RLIN)
-- 1
Holdings
Withdrawn status Lost status Source of classification or shelving scheme Not for loan Home library Current library Date acquired Total Checkouts Full call number Barcode Date last seen Price effective from Koha item type
    Library of Congress Classification Not For Loan Kabarak, Main Campus Kabarak, Main Campus 17/12/2015   G8414 2002 .N3M67 c. 1 17096 17/12/2015 17/12/2015 Reference
Designed with assistance from East African Informatics Ltd